00764 2200181 4500001002100000005001500021035002000036245006300056100002400119250001700143300002800160260003100188082001200219084001800231020002200249650001700271520029400288INLIS00000000000015620240509101910 a0010-05240000781 aKisah 25 Nabi dan Rasul :bNabi Hud /cRirin Astutiningrum0 aRirin Astutiningrum acetakan ke-1 a36 hlm :bilus ;c19 cm aSolo :bTiga Ananda,c2019 a297.246 a297.246 RIR k a978-623-206-341-9 4aReligi Islam aNabi Hud a.s. berdakwah kepada kaum ‘Ad yang sombong dan tidak mau menyembah Allah SWT. Padahal, mereka mendapat banyak karunia dan kehikmatan hidup. Akhirnya Allah SWT mengazab kaum ‘Ad itu. Azab apa yang ditimpakan Allah SWT kepada kaum ‘Ad? Bagaimana pula nasib Nabi Hud a.s.?”